[Event "XX Festival Conca della Presolana C"]
[Site "Bratto - Castione della Presolana ITA"]
[Date "2000.09.01"]
[Round "7"]
[White "Biava, Pierluigi"]
[Black "Festa, Samuele"]
[Result "0-1"]
[WhiteElo "1588"]
[BlackElo "1554"]
[PlyCount "46"]
[EventDate "2000.08.26"]

1. Nf3 d5 2. d3 Nf6 3. h3 c5 4. c3 e6 5. Bg5 Be7 6. Nbd2 Nc6 7. Qc2 Bd7 8. e4
Qc7 9. g4 h6 10. Bxf6 Bxf6 11. Bg2 Ne5 12. O-O Bc6 13. d4 Nxf3+ 14. Bxf3 dxe4
15. Nxe4 Be7 16. dxc5 Bxc5 17. Kg2 h5 18. Qe2 hxg4 19. Bxg4 f5 20. f3 fxg4 21.
Ng5 gxf3+ 22. Nxf3 O-O-O 23. Qxe6+ Bd7 0-1